Мосты Санкт-Петербурга от Бетанкура до наших дней (1809-2019)

Detaylı Bibliyografya
Yazar: Богданов Г. И. Геннадий Иванович
Özet:Авт. указан на обороте тит. л.
Мосты — одна из достопримечательностей Санкт-Петербурга, города необычной истории и судьбы. История его мостов — это история создания и развития отечественного мостостроения и транспортной науки, начало которых было положено основанием в 1809 году Института Корпуса инженеров путей сообщения, организатором и первым руководителем которого был Августин Бетанкур. В книге рассказывается о мостах Северной столицы и их особенностях, эволюции систем и конструкций, приводятся сведения об инженерах и архитекторах, авторах проектов сооружений.
Dil:Rusça
Baskı/Yayın Bilgisi: Санкт-Петербург, Бранко, 2019
Konular:
Materyal Türü: MixedMaterials Kitap
KOHA link:https://koha.lib.tpu.ru/cgi-bin/koha/opac-detail.pl?biblionumber=379451

MARC

LEADER 00000nam0a2200000 4500
001 379451
005 20231211161705.0
010 |a 978-5-903521-71-5 
035 |a (RuTPU)RU\TPU\retro\36918 
090 |a 379451 
100 |a 20231004d2019 km|y0rusy50 ca 
101 0 |a rus 
102 |a RU 
105 |a a z 000yy 
181 0 |a i   |b  e  
182 0 |a n 
183 0 |a nc  |2 RDAcarrier 
200 1 |a Мосты Санкт-Петербурга от Бетанкура до наших дней (1809-2019)  |d Bridges of Saint Petersburg from Betancourt to present day  |f Г. И. Богданов 
203 |a Текст  |b визуальный  |c непосредственный 
210 |a Санкт-Петербург  |c Бранко  |d 2019 
215 |a 192 с.  |c ил. 
283 |a volume  |2 RDAcarrier 
300 |a Авт. указан на обороте тит. л. 
330 |a Мосты — одна из достопримечательностей Санкт-Петербурга, города необычной истории и судьбы. История его мостов — это история создания и развития отечественного мостостроения и транспортной науки, начало которых было положено основанием в 1809 году Института Корпуса инженеров путей сообщения, организатором и первым руководителем которого был Августин Бетанкур. В книге рассказывается о мостах Северной столицы и их особенностях, эволюции систем и конструкций, приводятся сведения об инженерах и архитекторах, авторах проектов сооружений. 
510 1 |a Bridges of Saint Petersburg from Betancourt to present day  |z eng 
606 1 |a Мосты  |x Архитектура  |9 63823 
610 1 |a Санкт-Петербург 
610 1 |a история 
610 1 |a достопримечательности 
610 1 |a мостостроение 
610 1 |a инженеры 
610 1 |a создание 
610 1 |a 18 век 
610 1 |a 19 век 
610 1 |a Ленинградские мосты 
610 1 |a 20 век 
675 |a 725.9  |v 4  |z rus 
700 1 |a Богданов  |b Г. И.  |4 070  |g Геннадий Иванович 
801 1 |a RU  |b 63413507  |c 20231004 
942 |c BK